=LDR 00000nam 2200000 4500 =001 INLIS000000000005179 =005 20130612093432 =008 ***********************************Ind** =035 ##$$0010-061300000005179 =041 ##$$a Ind =082 ##$$a 658.486 =090 ##$$a 658.486, Pee k =100 ##$$a PEEL, Malcolm =245 ##$$a Kiat sukses rapat, Malcolm Peel =260 ##$$a 1993 $b Jakarta =300 ##$$a xix, 266 hlm, 21 cm =650 ##$$a Manajemen Perencanaan =650 ##$$a Rapat =850 ##$$a NBPNMAT